{"text_format":"3","workbook":"xlsx","n_sheets":3,"sheets":["Information on SNPs","Sheet2","Sheet3"],"read":"whole","date_system":"1900"}

{"sheet":"Information on SNPs","index":0,"n_rows":137,"n_cols":18,"rows_kept":137}
["Table1.1 | Information on SNPs used in univariate MR for obesity Ⅱ and heart failure "]
[]
["SNP","Effect_allele.exposure","Other_allele.exposure","Effect_allele.outcome","Other_allele.outcome","Beta.exposure","Beta.outcome","Eaf.exposure","Eaf.outcome","Chr","Pval.outcome","Se.outcome","Pval.exposure","Se.exposure","Samplesize.exposure","Samplesize.outcome","R2","F"]
["rs10871777","G","A","G","A",0.17,0.0190024,0.283,0.186037,18,0.147802,0.0131292,{"v":5.30029e-14,"d":"5.30E-14"},0.023,68784,341561,{"$f":"F4*F4/(F4*F4+O4*N4*N4)","v":7.9361513828839919E-4},{"$f":"Q4/(1-Q4)*O4","v":54.63137996219283}]
["rs12444979","T","C","T","C",-0.17,-0.0161016,0.06,0.125126,16,0.296732,0.0154309,{"v":6.80002e-09,"d":"6.80E-09"},0.03,62287,341561,{"$f":"F5*F5/(F5*F5+O5*N5*N5)","v":5.1526908100243919E-4},{"$f":"Q5/(1-Q5)*O5","v":32.11111111111112}]
["rs13130484","T","C","T","C",0.12,0.0196938,0.424,0.471868,4,0.0555137,0.0102849,{"v":1.6e-09,"d":"1.60E-09"},0.02,71761,341561,0.000501413708093653,{"$f":"Q6/(1-Q6)*O6","v":36}]
["rs13401686","G","A","G","A",-0.24,-0.0340742,0.125,0.163666,2,0.0137721,0.0138335,{"v":1.29987E-19,"d":"1.30E-19"},0.027,65303,341561,1.2084722210945246E-3,79.01234567901234]
["rs1516725","C","T","C","T",0.19,0.00646246,0.908,0.899163,3,0.703429,0.0169754,{"v":1.2E-10,"d":"1.20E-10"},0.03,61014,341561,6.5697641618455045E-4,40.11111111111112]
["rs2207139","G","A","G","A",0.17,0.0371274,0.102,0.202482,6,3.42713E-3,0.0126863,{"v":8.19974E-12,"d":"8.20E-12"},0.025,62999,341561,7.334415730672133E-4,46.239999999999995]
["rs2815752","A","G","A","G",0.11,0.00514691,0.65,0.645806,1,0.630715,0.0107067,{"v":4.79999e-09,"d":"4.80E-09"},0.02,71717,341561,4.2161894706765766E-4,30.25]
["rs633715","C","T","C","T",0.16,0.0230402,0.267,0.227575,1,0.0590854,0.0122064,{"v":2.60016E-11,"d":"2.60E-11"},0.024,65464,341561,6.7845366839898512E-4,44.44444444444445]
["rs7138803","A","G","A","G",0.13,-0.0148545,0.442,0.383166,12,0.159415,0.0105572,{"v":1.99986e-11,"d":"2.00E-11"},0.019,71541,341561,6.539437587472234E-4,46.814404432132974]
["rs7989336","A","G","A","G",0.11,0.000952873,0.425,0.552657,13,0.926338,0.0103066,{"v":5.89997e-09,"d":"5.90E-09"},0.019,71938,341561,4.6571208262671473E-4,33.51800554016621]
["rs8051591","G","A","G","A",0.29,0.0285783,0.448,0.402054,16,0.00601575,0.0104038,{"v":3.80014e-51,"d":"3.80E-51"},0.019,71976,341561,3.2262474913144507E-3,232.96398891966763]
[]
["Table1.2 | Information on SNPs used in univariate MR for obesity Ⅰ and heart failure "]
[]
["SNP","Effect_allele.exposure","Other_allele.exposure","Effect_allele.outcome","Other_allele.outcome","Beta.exposure","Beta.outcome","Eaf.exposure","Eaf.outcome","Chr","Pval.outcome","Se.outcome","Se.exposure","Pval.exposure","Samplesize.exposure","Samplesize.outcome","R2","F"]
["rs10182181","G","A","G","A",0.073,0.00783536,0.5,0.418432,2,0.450637,0.0103869,0.012,{"v":3.29997e-09,"d":"3.30E-09"},98635,341561,{"$f":"F19*F19/(F19*F19+M19*M19*O19)","v":3.7505008350828978E-4},{"$f":"Q19/(1-Q19)*O19","v":37.006944444444436}]
["rs11075989","T","C","T","C",0.21,0.0288809,0.407,0.402178,16,0.00550694,0.0104046,0.012,{"v":5.00035e-67,"d":"5.00E-67"},98684,341561,{"$f":"F20*F20/(F20*F20+M20*M20*O20)","v":3.0937390298539495E-3},{"$f":"Q20/(1-Q20)*O20","v":306.24999999999994}]
["rs13130484","T","C","T","C",0.11,0.0196938,0.424,0.471868,4,0.0555137,0.0102849,0.013,{"v":3.40017E-16,"d":"3.40E-16"},98425,341561,0.000726904632815539,71.59763313609469]
["rs13393304","G","A","G","A",0.18,0.0338269,0.89,0.836672,2,0.0145194,0.01384,0.017,{"v":9.49948e-27,"d":"9.50E-27"},93304,341561,0.001200121967951113,112.1107266435986]
["rs2030323","C","A","C","A",0.11,0.0399053,0.783,0.831401,11,0.00376262,0.0137728,0.015,{"v":2.49977E-12,"d":"2.50E-12"},96889,341561,5.5473733072774892E-4,53.77777777777778]
["rs2307111","C","T","C","T",-0.069,-0.0127242,0.425,0.425934,5,0.219932,0.0103726,0.013,{"v":3.29997e-08,"d":"3.30E-08"},98488,341561,2.8595911895761212E-4,28.1715976331361]
["rs29939","G","A","G","A",0.072,0.0109912,0.667,0.609686,19,0.295357,0.0105034,0.013,{"v":4.20001e-08,"d":"4.20E-08"},96557,341561,3.1758251095656597E-4,30.674556213017752]
["rs4929923","C","T","C","T",0.075,1.88751E-3,0.729,0.64778,11,0.860222,0.0107189,0.013,{"v":8e-09,"d":"8.00E-09"},98328,341561,3.3838541250264626E-4,33.284023668639065]
["rs527248","G","A","G","A",0.11,0.0260159,0.263,0.184408,1,0.0487528,0.013201,0.016,{"v":6.29941e-13,"d":"6.30E-13"},96419,341561,4.8997050620513234E-4,47.265625]
["rs7138803","A","G","A","G",0.084,-0.0148545,0.442,0.383166,12,0.159415,0.0105572,0.013,{"v":2.60016E-11,"d":"2.60E-11"},98653,341561,4.230364701683448E-4,41.751479289940846]
["rs7141420","T","C","T","C",0.079,0.0287557,0.621,0.589157,14,0.00577604,0.0104179,0.012,{"v":2.30001e-10,"d":"2.30E-10"},98622,341561,4.3926547717526327E-4,43.34027777777777]
["rs7531118","C","T","C","T",0.08,-2.53134E-3,0.608,0.59164,1,0.807914,0.010412,0.013,{"v":4.60002e-10,"d":"4.60E-10"},98523,341561,3.8422776253307445E-4,37.86982248520711]
["rs8028313","G","C","G","C",-0.1,-0.0208589,0.22,0.161449,15,0.134762,0.013947,0.015,{"v":1.69981e-11,"d":"1.70E-11"},96843,341561,4.5872243508217445E-4,44.44444444444445]
["rs887912","C","T","C","T",-0.082,-0.00456876,0.681,0.755328,2,0.701063,0.0119014,0.014,{"v":2.30001e-09,"d":"2.30E-09"},97424,341561,3.520081952366025E-4,34.30612244897959]
["rs9816226","T","A","T","A",0.11,0.0141088,0.851,0.838544,3,0.311942,0.0139531,0.016,{"v":1e-11,"d":"1.00E-11"},96354,341561,4.903008761717178E-4,47.265625]
["rs987237","G","A","G","A",0.13,0.0400762,0.098,0.212598,6,1.28689E-3,0.0124503,0.016,{"v":1e-16,"d":"1.00E-16"},95109,341561,6.9362347425409214E-4,66.015625]
[]
["Table1.3 | Information on SNPs used in univariate MR for obesity Ⅱ and hypertension"]
[]
["SNP","Effect_allele.exposure","Other_allele.exposure","Effect_allele.outcome","Other_allele.outcome","Beta.exposure","Beta.outcome","Eaf.exposure","Eaf.outcome","Chr","Se.outcome","Pval.outcome","Pval.exposure","Se.exposure","Samplesize.exposure","Samplesize.outcome","R2","F"]
["rs10871777","G","A","G","A",0.17,0.00207532,0.283,0.236072,18,0.000783336,0.00809991,{"v":5.30029e-14,"d":"5.30E-14"},0.023,68784,463010,{"$f":"F39*F39/(F39*F39+N39*N39*O39)","v":7.9361513828839919E-4},{"$f":"Q39/(1-Q39)*O39","v":54.63137996219283}]
["rs12444979","T","C","T","C",-0.17,0.000466374,0.06,0.142543,16,9.525E-4,0.62,{"v":6.80002e-09,"d":"6.80E-09"},0.03,62287,463010,{"$f":"F40*F40/(F40*F40+N40*N40*O40)","v":5.1526908100243919E-4},{"$f":"Q40/(1-Q40)*O40","v":32.11111111111112}]
["rs13130484","T","C","T","C",0.12,1.68703E-3,0.424,0.433636,4,6.73311E-4,0.012,{"v":1.6e-09,"d":"1.60E-09"},0.02,71761,463010,0.000501413708093653,36]
["rs13401686","G","A","G","A",-0.24,-0.00362431,0.125,0.172629,2,8.80067E-4,{"v":3.79997e-05,"d":"3.80E-05"},{"v":1.29987E-19,"d":"1.30E-19"},0.027,65303,463010,1.2084722210945248E-3,79.01234567901236]
["rs1516725","C","T","C","T",0.19,3.42977E-3,0.908,0.86282,3,0.000968148,{"v":0.0004,"d":"4.00E-04"},{"v":1.2E-10,"d":"1.20E-10"},0.03,61014,463010,6.5697641618455034E-4,40.111111111111114]
["rs2207139","G","A","G","A",0.17,0.00311478,0.102,0.169484,6,0.000887071,0.000449997,{"v":8.19974E-12,"d":"8.20E-12"},0.025,62999,463010,7.334415730672133E-4,46.239999999999995]
["rs2815752","A","G","A","G",0.11,0.00253487,0.65,0.603506,1,0.000679833,0.000189998,{"v":4.79999e-09,"d":"4.80E-09"},0.02,71717,463010,4.216189470676576E-4,30.249999999999996]
["rs633715","C","T","C","T",0.16,0.00317204,0.267,0.21032,1,0.000816673,{"v":1E-4,"d":"1.00E-04"},{"v":2.60016E-11,"d":"2.60E-11"},0.024,65464,463010,6.7845366839898512E-4,44.44444444444445]
["rs7138803","A","G","A","G",0.13,1.75734E-3,0.442,0.369168,12,0.00068933,0.0109999,{"v":1.99986e-11,"d":"2.00E-11"},0.019,71541,463010,6.539437587472234E-4,46.814404432132974]
["rs7989336","A","G","A","G",0.11,-0.000473961,0.425,0.46794,13,0.000671459,0.48,{"v":5.89997e-09,"d":"5.90E-09"},0.019,71938,463010,4.6571208262671462E-4,33.5180055401662]
["rs8051591","G","A","G","A",0.29,0.00363181,0.448,0.395148,16,0.000680847,{"v":9.59997e-08,"d":"9.60E-08"},{"v":3.80014e-51,"d":"3.80E-51"},0.019,71976,463010,3.2262474913144507E-3,232.96398891966763]
[]
["Table1.4 | Information on SNPs used in univariate MR for obesity Ⅰ and hypertension"]
[]
["SNP","Effect_allele.exposure","Other_allele.exposure","Effect_allele.outcome","Other_allele.outcome","Beta.exposure","Beta.outcome","Eaf.exposure","Eaf.outcome","Chr","Pval.outcome","Se.outcome","Se.exposure","Pval.exposure","Samplesize.exposure","Samplesize.outcome","R2","F"]
["rs10182181","G","A","G","A",0.073,0.00783536,0.5,0.418432,2,0.450637,0.0103869,0.012,{"v":3.29997e-09,"d":"3.30E-09"},98635,341561,{"$f":"F54*F54/(F54*F54+M54*M54*O54)","v":3.7505008350828978E-4},{"$f":"Q54/(1-Q54)*O54","v":37.006944444444436}]
["rs11075989","T","C","T","C",0.21,0.0288809,0.407,0.402178,16,0.00550694,0.0104046,0.012,{"v":5.00035e-67,"d":"5.00E-67"},98684,341561,{"$f":"F55*F55/(F55*F55+M55*M55*O55)","v":3.0937390298539495E-3},{"$f":"Q55/(1-Q55)*O55","v":306.24999999999994}]
["rs13130484","T","C","T","C",0.11,0.0196938,0.424,0.471868,4,0.0555137,0.0102849,0.013,{"v":3.40017E-16,"d":"3.40E-16"},98425,341561,0.000726904632815539,71.59763313609469]
["rs13393304","G","A","G","A",0.18,0.0338269,0.89,0.836672,2,0.0145194,0.01384,0.017,{"v":9.49948e-27,"d":"9.50E-27"},93304,341561,0.001200121967951113,112.1107266435986]
["rs2030323","C","A","C","A",0.11,0.0399053,0.783,0.831401,11,0.00376262,0.0137728,0.015,{"v":2.49977E-12,"d":"2.50E-12"},96889,341561,5.5473733072774892E-4,53.77777777777778]
["rs2307111","C","T","C","T",-0.069,-0.0127242,0.425,0.425934,5,0.219932,0.0103726,0.013,{"v":3.29997e-08,"d":"3.30E-08"},98488,341561,2.8595911895761212E-4,28.1715976331361]
["rs29939","G","A","G","A",0.072,0.0109912,0.667,0.609686,19,0.295357,0.0105034,0.013,{"v":4.20001e-08,"d":"4.20E-08"},96557,341561,3.1758251095656597E-4,30.674556213017752]
["rs4929923","C","T","C","T",0.075,1.88751E-3,0.729,0.64778,11,0.860222,0.0107189,0.013,{"v":8e-09,"d":"8.00E-09"},98328,341561,3.3838541250264626E-4,33.284023668639065]
["rs527248","G","A","G","A",0.11,0.0260159,0.263,0.184408,1,0.0487528,0.013201,0.016,{"v":6.29941e-13,"d":"6.30E-13"},96419,341561,4.8997050620513234E-4,47.265625]
["rs7138803","A","G","A","G",0.084,-0.0148545,0.442,0.383166,12,0.159415,0.0105572,0.013,{"v":2.60016E-11,"d":"2.60E-11"},98653,341561,4.230364701683448E-4,41.751479289940846]
["rs7141420","T","C","T","C",0.079,0.0287557,0.621,0.589157,14,0.00577604,0.0104179,0.012,{"v":2.30001e-10,"d":"2.30E-10"},98622,341561,4.3926547717526327E-4,43.34027777777777]
["rs7531118","C","T","C","T",0.08,-2.53134E-3,0.608,0.59164,1,0.807914,0.010412,0.013,{"v":4.60002e-10,"d":"4.60E-10"},98523,341561,3.8422776253307445E-4,37.86982248520711]
["rs8028313","G","C","G","C",-0.1,-0.0208589,0.22,0.161449,15,0.134762,0.013947,0.015,{"v":1.69981e-11,"d":"1.70E-11"},96843,341561,4.5872243508217445E-4,44.44444444444445]
["rs887912","C","T","C","T",-0.082,-0.00456876,0.681,0.755328,2,0.701063,0.0119014,0.014,{"v":2.30001e-09,"d":"2.30E-09"},97424,341561,3.520081952366025E-4,34.30612244897959]
["rs9816226","T","A","T","A",0.11,0.0141088,0.851,0.838544,3,0.311942,0.0139531,0.016,{"v":1e-11,"d":"1.00E-11"},96354,341561,4.903008761717178E-4,47.265625]
["rs987237","G","A","G","A",0.13,0.0400762,0.098,0.212598,6,1.28689E-3,0.0124503,0.016,{"v":1e-16,"d":"1.00E-16"},95109,341561,6.9362347425409214E-4,66.015625]
[]
["Table1.5 | Information on SNPs used in univariate MR for hypertension and heart failure "]
[]
["SNP","Effect_allele.exposure","Other_allele.exposure","Effect_allele.outcome","Other_allele.outcome","Beta.exposure","Beta.outcome","Eaf.exposure","Eaf.outcome","Chr","Se.outcome","Pval.outcome","Se.exposure","Pval.exposure","Samplesize.exposure","Samplesize.outcome","R2","F"]
["rs10245376","T","G","T","G",0.00580593,-0.00812766,0.155336,0.262172,7,0.0116729,0.486249,0.000919677,{"v":2.69998e-10,"d":"2.70E-10"},463010,341561,{"$f":"F74*F74/(F74*F74+M74*M74*O74)","v":8.60686890741494e-05},{"$f":"Q74/(1-Q74)*P74","v":29.400237948794263}]
["rs10749409","G","C","G","C",-4.73099E-3,-0.0125507,0.684325,0.701366,10,0.0112311,0.263783,0.000717266,{"v":4.19952e-11,"d":"4.20E-11"},463010,341561,{"$f":"F75*F75/(F75*F75+M75*M75*O75)","v":9.3953376901289855E-5},{"$f":"Q75/(1-Q75)*P75","v":32.09382469098886}]
["rs1077394","T","C","T","C",0.0041629,0.0263462,0.672304,0.559008,6,0.0103096,0.0106033,7.09324E-4,{"v":4.39997e-09,"d":"4.40E-09"},463010,341561,7.4384075795685088E-5,25.408589307282888]
["rs10804330","C","T","C","T",-0.00405057,-0.0291186,0.431675,0.433403,2,0.0103393,0.00485814,0.00067765,{"v":2.30001e-09,"d":"2.30E-09"},463010,341561,7.7160941037823959E-5,26.357201928324102]
["rs11191559","T","C","T","C",-0.0077192,-0.00846756,0.07762,0.0836919,10,0.0184872,0.646936,0.00124218,{"v":5.19996e-10,"d":"5.20E-10"},463010,341561,8.3396712408209342E-5,28.48744024572181]
["rs11604462","A","G","A","G",0.00441834,0.0145909,0.343347,0.437068,11,0.0103693,0.159393,0.000700185,{"v":2.80001e-10,"d":"2.80E-10"},463010,341561,8.5993364469992667E-5,29.374505574299146]
["rs11801879","C","T","C","T",-0.00760518,-0.0347369,0.088418,0.058315,1,0.0218567,0.111993,1.17836E-3,{"v":1.09999E-10,"d":"1.10E-10"},463010,341561,8.99567115390832e-05,30.728468581985066]
["rs12258967","G","C","G","C",-0.00503873,-0.0156637,0.299316,0.222152,10,0.0123572,0.204949,7.27902E-4,{"v":4.40048e-12,"d":"4.40E-12"},463010,341561,1.034810995795657E-4,35.34876578264801]
["rs12263737","A","G","A","G",-0.00440961,-0.0133936,0.271095,0.209951,10,0.0125774,0.286925,0.000748548,{"v":3.79997e-09,"d":"3.80E-09"},463010,341561,7.4944218090900339E-5,25.599940642880664]
["rs12360772","A","G","A","G",0.00580045,0.0241025,0.186914,0.196038,11,0.0129836,0.0634001,0.000859047,{"v":1.50003e-11,"d":"1.50E-11"},463010,341561,9.845921994181735E-5,33.63314111538549]
["rs12656497","C","T","C","T",0.0053786,0.00633382,0.596328,0.585903,5,0.0103692,0.54131,0.000678572,{"v":2.29985e-15,"d":"2.30E-15"},463010,341561,1.3567421794654451E-4,46.34730969103595]
["rs1275985","T","C","T","C",-6.21895E-3,-0.0207496,0.617253,0.549884,2,0.0103099,0.044157,0.000685911,{"v":1.20005E-19,"d":"1.20E-19"},463010,341561,1.7751339248605789E-4,60.64241669204598]
["rs12762222","C","T","C","T",0.0134877,0.0188413,0.01942,0.025283,10,0.0330139,0.568197,0.00244222,{"v":3.29997e-08,"d":"3.30E-08"},463010,341561,6.5869937205811685E-5,22.50008370105476]
["rs12932686","C","T","C","T",0.00389659,-0.00832927,0.413548,0.390147,16,0.0105152,0.428293,0.000677037,{"v":8.60003e-09,"d":"8.60E-09"},463010,341561,7.1535756905951881E-5,24.43557268174105]
["rs13125101","A","G","A","G",9.55196E-3,0.0228302,0.29184,0.346711,4,0.0108073,0.034645,0.000733784,{"v":9.70063e-39,"d":"9.70E-39"},463010,341561,3.6584677361919005E-4,125.00472241852816]
["rs1327235","G","A","G","A",0.00429115,-0.00851211,0.476253,0.434937,20,0.0103318,0.410011,0.000667351,{"v":1.29999e-10,"d":"1.30E-10"},463010,341561,8.9291395230887456E-5,30.50118173953086]
["rs167479","T","G","T","G",-0.0058173,-0.0187662,0.472463,0.424412,19,0.0104272,0.0719035,0.000666621,{"v":2.60016e-18,"d":"2.60E-18"},463010,341561,1.6444593629679163E-4,56.17755661836542]
["rs16948048","G","A","G","A",0.00429544,0.00196608,0.366921,0.427429,17,0.0103485,0.84932,0.000691113,{"v":5.1E-10,"d":"5.10E-10"},463010,341561,8.3423918781059064E-5,28.4967344320361]
["rs17035646","A","G","A","G",0.00607011,0.0406478,0.337161,0.396433,1,0.0104653,1.02724E-4,0.000708376,{"v":1e-17,"d":"1.00E-17"},463010,341561,1.5856458853496657E-4,54.168068562094994]
["rs17558745","T","C","T","C",0.00399348,0.00935609,0.311877,0.334541,1,0.0108732,0.38953,0.000721776,{"v":3.2e-08,"d":"3.20E-08"},463010,341561,6.611181335803494E-5,22.582710066296794]
["rs1918898","T","C","T","C",-0.00396663,0.00387921,0.356125,0.390155,2,0.0105005,0.711807,0.000697055,{"v":1.29999E-8,"d":"1.30E-08"},463010,341561,6.9934028610599578E-5,23.888407358828697]
["rs2003476","C","T","C","T",-0.00399459,-0.00562374,0.405754,0.495521,19,0.0102572,0.583504,0.000682021,{"v":4.70002e-09,"d":"4.70E-09"},463010,341561,7.40843338379589e-05,25.30619394254729]
["rs2643826","T","C","T","C",0.00493899,0.0137966,0.45231,0.40451,3,0.0104706,0.187618,0.000670806,{"v":1.80011E-13,"d":"1.80E-13"},463010,341561,1.1706880910819303E-4,39.990821185614976]
["rs2728624","A","G","A","G",-0.00458701,-0.00472035,0.226934,0.158705,12,0.0140192,0.736338,0.00079658,{"v":8.50002e-09,"d":"8.50E-09"},463010,341561,7.16108955787699e-05,24.461240796140604]
["rs2759315","A","C","A","C",0.00471393,0.0212016,0.44312,0.401456,15,0.0104675,0.0428184,0.000670907,{"v":2.09991e-12,"d":"2.10E-12"},463010,341561,1.0661171696531654E-4,36.41828727452576]
["rs3184504","C","T","C","T",-0.0060921,-0.0315878,0.517267,0.591439,12,0.0104058,0.00240066,0.000665312,{"v":5.30029e-20,"d":"5.30E-20"},463010,341561,1.8105658459097087E-4,61.85306699453311]
["rs346078","C","G","C","G",3.87229E-3,0.0127858,0.378129,0.347059,3,0.0107926,0.236143,0.000687829,{"v":1.79999E-8,"d":"1.80E-08"},463010,341561,6.8447042288199408E-5,23.380440533001554]
["rs35443","C","G","C","G",-0.00495279,-0.0254827,0.381805,0.364081,12,0.0106294,0.0165132,0.000684503,{"v":4.60045e-13,"d":"4.60E-13"},463010,341561,1.1306017189341409E-4,38.621311904249055]
["rs35587371","A","T","A","T",4.81E-3,0.00860879,0.303398,0.305169,10,0.0111473,0.439951,0.00072477,{"v":3.19963e-11,"d":"3.20E-11"},463010,341561,9.5116980262124933E-5,32.49134137358777]
["rs3735533","C","T","C","T",0.00877999,0.0492036,0.926702,0.904812,7,0.0177123,0.00547041,0.0012761,{"v":6.00067e-12,"d":"6.00E-12"},463010,341561,1.0223129295617075E-4,34.921792753428164]
["rs3790604","A","C","A","C",0.00908223,0.0467931,0.073159,0.171094,1,0.0135781,0.00056846,0.00128186,{"v":1.39991E-12,"d":"1.40E-12"},463010,341561,1.0840925133054557E-4,37.03238694705639]
["rs3796581","G","A","G","A",-0.00574699,-0.0187907,0.183958,0.2174,4,0.0124011,0.129708,0.000859728,{"v":2.29985e-11,"d":"2.30E-11"},463010,341561,9.6499809960765191E-5,32.96375258586905]
["rs3821843","A","G","A","G",0.0046448,0.00931715,0.678977,0.660446,3,0.0109175,0.39343,0.000724649,{"v":1.5E-10,"d":"1.50E-10"},463010,341561,8.87257617770416e-05,30.307949014192285]
["rs3918226","T","C","T","C",0.0101555,0.0353934,0.081012,0.0697349,7,0.0202927,0.0811335,1.23821E-3,{"v":2.39994E-16,"d":"2.40E-16"},463010,341561,1.4526485117735233E-4,49.62401645835329]
["rs4291","A","T","A","T",-0.0039207,-0.0126733,0.623299,0.61459,17,0.0105075,0.227771,0.000690852,{"v":1.40001E-8,"d":"1.40E-08"},463010,341561,6.9556321639702308E-5,23.759379390613216]
["rs4412193","G","A","G","A",-0.00472,-0.0245832,0.366882,0.51575,6,0.0102487,0.0164551,0.000692322,{"v":9.30037e-12,"d":"9.30E-12"},463010,341561,1.0037689702455299E-4,34.28827507525972]
["rs55670730","T","A","T","A",0.0060027,0.0233205,0.110744,0.109582,11,0.0165697,0.159303,1.07194E-3,{"v":2.1e-08,"d":"2.10E-08"},463010,341561,6.7722431125175341E-5,23.132907914308966]
["rs55730499","T","C","T","C",0.0077937,0.0636477,0.079714,0.0463845,6,0.0239512,0.00787481,0.00123046,{"v":2.39999e-10,"d":"2.40E-10"},463010,341561,8.6641182026032593E-5,29.595812990214213]
["rs56094641","G","A","G","A",0.0040277,0.0325908,0.404625,0.418298,16,0.0103423,0.00162592,0.00067826,{"v":2.90001e-09,"d":"2.90E-09"},463010,341561,7.6154991334792741E-5,26.013556057439285]
["rs56273825","C","T","C","T",-0.0134791,-0.0382513,0.021882,0.0215679,5,0.0354017,0.279923,2.40449E-3,{"v":2.1e-08,"d":"2.10E-08"},463010,341561,6.78665846564985e-05,23.18215181532698]
["rs568546","T","C","T","C",-0.00522564,0.0160649,0.521082,0.501219,11,0.0102725,0.117845,0.000668889,{"v":5.60015e-15,"d":"5.60E-15"},463010,341561,1.3180237957869853E-4,45.024486905793346]
["rs57139556","G","A","G","A",-0.00772819,-0.0141335,0.071572,0.106304,6,0.0165866,0.394159,1.29089E-3,{"v":2.1e-09,"d":"2.10E-09"},463010,341561,7.7402167247586848E-5,26.43960813022347]
["rs6026744","T","A","T","A",0.00835569,-0.0100739,0.119013,0.165795,20,0.0137741,0.464559,1.03214E-3,{"v":5.70033e-16,"d":"5.70E-16"},463010,341561,1.4152578764764951E-4,48.346531835716895]
["rs6031435","G","A","G","A",4.18812E-3,0.00642272,0.459301,0.49338,20,0.0102604,0.531333,0.000671774,{"v":4.49997e-10,"d":"4.50E-10"},463010,341561,8.3939238421789619E-5,28.672776985648497]
["rs6108171","T","A","T","A",-0.00749288,0.0165732,0.247296,0.224084,20,0.01232,0.178553,0.000775264,{"v":4.19952e-22,"d":"4.20E-22"},463010,341561,2.0170670712165435E-4,68.90904400753703]
["rs633185","C","G","C","G",0.00652925,0.0176464,0.715077,0.711341,11,0.0113157,0.118887,0.00074143,{"v":1.29987e-18,"d":"1.30E-18"},463010,341561,1.6746466314551526E-4,57.208978290923724]
["rs6766859","T","C","T","C",-0.00404117,-0.00265717,0.626849,0.631475,3,0.0106369,0.802737,0.000691984,{"v":5.19996e-09,"d":"5.20E-09"},463010,341561,7.36545829919985e-05,25.159386125423403]
["rs68096471","A","G","A","G",-0.00444907,-0.0169491,0.269191,0.279289,19,0.0114095,0.137404,0.000751777,{"v":3.29997e-09,"d":"3.30E-09"},463010,341561,7.5637503692311365E-5,25.83677562786151]
["rs6822044","G","C","G","C",-4.21033E-3,-0.0175933,0.347199,0.259974,4,0.0117254,0.133497,0.000700993,{"v":1.89998e-09,"d":"1.90E-09"},463010,341561,7.7907757472927289E-5,26.612324856761248]
["rs6866614","G","A","G","A",0.00392113,0.00845525,0.576646,0.681082,5,0.0110132,0.442644,0.000679224,{"v":7.79992e-09,"d":"7.80E-09"},463010,341561,7.1973861859918336E-5,24.58523372495148]
["rs6961048","G","C","G","C",0.00642496,0.0416976,0.101304,0.135901,7,0.0149016,0.0051389,0.00110368,{"v":5.80003e-09,"d":"5.80E-09"},463010,341561,7.31867318805919e-05,24.99956296417864]
["rs6991641","C","G","C","G",-0.00468068,-0.0276513,0.598329,0.581226,8,0.0104314,0.00803082,0.0006864,{"v":9.20026e-12,"d":"9.20E-12"},463010,341561,1.004221156456246E-4,34.303723094482855]
["rs72831345","A","G","A","G",-0.00958081,0.0154432,0.145089,0.102077,10,0.0169007,0.360841,0.000944429,{"v":3.50026e-24,"d":"3.50E-24"},463010,341561,2.2221784783248424E-4,75.91782061822106]
["rs7297416","C","A","C","A",-0.00401239,-0.0299902,0.297749,0.462671,12,0.0103205,0.0036621,0.000728434,{"v":3.59998e-08,"d":"3.60E-08"},463010,341561,6.5525000467671617E-5,22.382251281764088]
["rs740746","A","G","A","G",0.00558046,0.0169687,0.73319,0.748028,10,0.0117678,0.149314,0.000754909,{"v":1.39991e-13,"d":"1.40E-13"},463010,341561,1.1800738020897647E-4,40.31147584321482]
["rs7497304","T","G","T","G",0.00586179,-0.0124218,0.325747,0.267649,15,0.0116054,0.284461,0.000709748,{"v":1.50003E-16,"d":"1.50E-16"},463010,341561,1.4729832560017768E-4,50.318775261664584]
["rs76452347","T","C","T","C",-0.0051363,3.26115E-3,0.204442,0.179486,9,0.0134811,0.808853,8.57013E-4,{"v":2.1e-09,"d":"2.10E-09"},463010,341561,7.7571445321181887E-5,26.497435879746703]
["rs7685862","A","C","A","C",-0.0047658,-0.0235951,0.795291,0.786863,4,0.0125076,0.0592339,0.000825582,{"v":7.79992e-09,"d":"7.80E-09"},463010,341561,7.1966365159759128E-5,24.582672775938082]
["rs7700842","C","T","C","T",-0.00692396,-0.0199159,0.371105,0.344388,5,0.0107586,0.0641461,0.000688685,{"v":8.80035e-24,"d":"8.80E-24"},463010,341561,2.1826428673618953E-4,74.56684332077121]
["rs7763350","C","A","C","A",4.48797E-3,0.0417993,0.322191,0.304034,6,0.0110784,0.000161276,0.000711841,{"v":2.90001e-10,"d":"2.90E-10"},463010,341561,8.5843267409435115E-5,29.323229461462034]
["rs77924615","A","G","A","G",-0.00516325,-0.0113465,0.196675,0.222982,16,0.0123756,0.359223,0.000845642,{"v":1e-09,"d":"1.00E-09"},463010,341561,8.0509639284350687E-5,27.50116701263819]
["rs8042127","T","C","T","C",0.00391874,-0.00728649,0.479558,0.358716,15,0.0107058,0.496116,0.000669546,{"v":4.79999e-09,"d":"4.80E-09"},463010,341561,7.3979187858821887E-5,25.270274858658077]
["rs8118848","A","G","A","G",-0.0048929,-0.0314034,0.237633,0.216177,20,0.0124797,0.0118574,0.000782966,{"v":4.09996E-10,"d":"4.10E-10"},463010,341561,8.4337334936800113E-5,28.808774113579922]
["rs9375459","T","C","T","C",0.00620813,-0.0114516,0.437127,0.494016,6,0.0102578,0.264259,0.000670375,{"v":1.99986e-20,"d":"2.00E-20"},463010,341561,1.8518899733977032E-4,63.26505511249222]

{"sheet":"Sheet2","index":1,"n_rows":0,"n_cols":0,"rows_kept":0}

{"sheet":"Sheet3","index":2,"n_rows":0,"n_cols":0,"rows_kept":0}